000 00383nam a2200133Ia 4500
008 151001s9999||||xx |||||||||||||| ||und||
100 _aसुदर्शन भाटीया
245 _aनारी कर्तव्य एवं अधिकार
250 _a1
260 _bबैटर बुक्स
260 _c2007
300 _a179
365 _b21
999 _c993878
_d993875